Alianzas políticas: realidad o ficción
Guardado en:
| Format: | Texto |
|---|---|
| Fag: | |
| Tags: |
Tilføj Tag
Ingen Tags, Vær først til at tagge denne postø!
|
MARC
| LEADER | 00000 a a2200000 04500 | ||
|---|---|---|---|
| 001 | 6841 | ||
| 003 | |||
| 040 | |||
| 245 | |a Alianzas políticas: |b realidad o ficción | ||
| 650 | |a POLITICA | ||
| 650 | |a EL SALVADOR | ||
| 773 | |g volumen 28, número 1254; páginas 4-6 | ||
| 999 | |c 32859 |d 32859 | ||
